LEADER 01428nam0 22003373i 450 001 NAP0733089 005 20251003044258.0 010 $a9781461418023 100 $a20160222d2013 ||||0itac50 ba 101 | $aeng 102 $aus 181 1$6z01$ai $bxxxe 182 1$6z01$an 183 1$6z01$anc$2RDAcarrier 200 1 $aPower system coherency and model reduction$fJoe H. Chow, editor 210 $aNew York [etc.]$cSpringer$d2013 215 $aXII, 300 p.$d25 cm 225 | $aPower electronics and power systems$v94 410 0$1001MIL0690737$12001 $aPower electronics and power systems$v94 606 $aImpianti elettrici di potenza$xModelli matematici$2FIR$3NAPC300783$9I 676 $a621.31$9Generazione, modificazione, accumulazione, trasmissione dell'energia elettrica$v14 676 $a621.31015118$9GENERAZIONE, MODIFICAZIONE, ACCUMULAZIONE, TRASMISSIONE DELL'ENERGIA ELETTRICA. Modelli matematici (Simulazione matematica)$v22 702 1$aChow$b, Joe H.$f <1951- >$3MILV148366$4340 801 3$aIT$bIT-000000$c20160222 850 $aIT-BN0095 901 $bNAP 01$cSALA DING $n$ 912 $aNAP0733089 950 0$aBiblioteca Centralizzata di Ateneo$c1 v.$d 01SALA DING 621.31 POWSCA$e 0102 0000100955 VMA A4 1 v.$fY $h20151231$i20160222 977 $a 01 996 $aPower system coherency and model reduction$9104298 997 $aUNISANNIO